Die Strafaussetzung zur Bewährung im Rahmen des Sanktionensystems der Volksrepublik China: Teil 1: Die gesetzliche Regelung und ihre Anwendung in der gerichtlichen Praxis
| Authors: | ; |
|---|---|
| Format: | Print Article |
| Language: | German |
| Published: |
1991
|
| In: |
Recht in Ost und West
Year: 1991, Issue: 4, Pages: 117-144 |
| Availability in Tübingen: | Present in Tübingen. IFK: 6953 |
| Check availability: | HBZ Gateway |
| Keywords: |
MARC
| LEADER | 00000caa a22000002c 4500 | ||
|---|---|---|---|
| 001 | 1526037742 | ||
| 003 | DE-627 | ||
| 005 | 20250625204327.0 | ||
| 007 | tu | ||
| 008 | 160223s1991 xx ||||| 00| ||ger c | ||
| 035 | |a (DE-627)1526037742 | ||
| 035 | |a (DE-576)456037748 | ||
| 035 | |a (DE-599)BSZ456037748 | ||
| 040 | |a DE-627 |b ger |c DE-627 |e rakwb | ||
| 041 | |a ger | ||
| 100 | 1 | |a Sagel-Grande, Irene |0 (DE-588)1073122239 |0 (DE-627)828487456 |0 (DE-576)162839731 |4 aut | |
| 109 | |a Sagel-Grande, Irene |a Grande, Irene Sagel- | ||
| 245 | 1 | 4 | |a Die Strafaussetzung zur Bewährung im Rahmen des Sanktionensystems der Volksrepublik China |b Teil 1: Die gesetzliche Regelung und ihre Anwendung in der gerichtlichen Praxis |c Irene Sagel-Grande, Wang Xuepei |
| 264 | 1 | |c 1991 | |
| 336 | |a Text |b txt |2 rdacontent | ||
| 337 | |a ohne Hilfsmittel zu benutzen |b n |2 rdamedia | ||
| 338 | |a Band |b nc |2 rdacarrier | ||
| 700 | 1 | |a Xuepei, Wang |4 aut | |
| 773 | 0 | 8 | |i In |t Recht in Ost und West |d Berlin : Berlin-Verl., 1957 |g (1991), 4, Seite 117-144 |w (DE-627)130122939 |w (DE-600)506150-7 |w (DE-576)01565625X |x 0486-1485 |7 nnas |
| 773 | 1 | 8 | |g year:1991 |g number:4 |g pages:117-144 |
| 935 | |a mkri | ||
| 951 | |a AR | ||
| ELC | |b 1 | ||
| LOK | |0 000 xxxxxcx a22 zn 4500 | ||
| LOK | |0 001 2899542699 | ||
| LOK | |0 003 DE-627 | ||
| LOK | |0 004 1526037742 | ||
| LOK | |0 005 20250625123053 | ||
| LOK | |0 008 160208||||||||||||||||ger||||||| | ||
| LOK | |0 040 |a DE-21-110 |c DE-627 |d DE-21-110 | ||
| LOK | |0 689 |a s |a Strafvollzug | ||
| LOK | |0 689 |a s |a Freiheitsstrafe | ||
| LOK | |0 689 |a s |a Todesstrafe | ||
| LOK | |0 689 |a s |a Sanktionensystem | ||
| LOK | |0 689 |a g |a China | ||
| LOK | |0 689 |a s |a Bewährungsstrafe | ||
| LOK | |0 689 |a s |a Straftheorien | ||
| LOK | |0 852 |a DE-21-110 | ||
| LOK | |0 852 1 |c 6953 |m p |9 00 | ||
| LOK | |0 935 |a k110 | ||
| LOK | |0 938 |k p | ||
| LOK | |0 939 |a 08-02-16 |b l01 | ||
| ORI | |a SA-MARC-krimdoka001.raw | ||
| SIG | |a IFK: 6953 | ||
